Every Harmful FNAF Animatronic - Statistics

General Stats
  • This quiz has been taken 63 times
    18 since last reset
  • The average score is 45 of 55
Answer Stats
Game Animatronics % Correct
FNAF 1 Bonnie
100%
FNAF 1 Chica
100%
FNAF 1 Foxy
100%
FNAF 1 Freddy
100%
FNAF 1 Golden Freddy
100%
FNAF Sister Location Circus Baby
92%
FNAF Sister Location Ennard
92%
FNAF Sister Location Funtime Foxy
92%
FNAF Sister Location Funtime Freddy
92%
FNAF 4 (DLC) Jack o Chica
92%
FNAF 6 Lefty
92%
FNAF 2 Mangle
92%
FNAF 6 Molten Freddy
92%
FNAF 4 Nightmare
92%
FNAF 4 (DLC) Nightmare Balloon Boy
92%
FNAF 4 Nightmare Bonnie
92%
FNAF 4 Nightmare Chica
92%
FNAF 4 Nightmare Foxy
92%
FNAF 4 Nightmare Fredbear
92%
FNAF 4 Nightmare Freddy
92%
FNAF 4 (DLC) Nightmarionne
92%
FNAF 2 Puppet
92%
FNAF 6 Scrap Baby
92%
FNAF 6 Scraptrap
92%
FNAF 3 Springtrap
92%
FNAF 2 Toy Bonnie
92%
FNAF 2 Toy Chica
92%
FNAF 2 Toy Freddy
92%
FNAF 2 Withered Bonnie
92%
FNAF 2 Withered Chica
92%
FNAF 2 Withered Foxy
92%
FNAF 2 Withered Freddy
92%
FNAF 2 Withered Golden Freddy
92%
FNAF Sister Location Ballora
85%
FNAF Security Breach Glamrock Chica
85%
FNAF Security Breach Glamrock Freddy
85%
FNAF 4 Plushtrap
85%
FNAF Security Breach Roxanne Wolf
85%
FNAF Sister Location Yenndo
85%
FNAF Sister Location Bidybab
77%
FNAF 4 (DLC) Jack o Bonnie
77%
FNAF Sister Location Minireena
69%
FNAF 4 (DLC) Nightmare Mangle
69%
FNAF 6 Rockstar Bonnie
69%
FNAF 6 Rockstar Chica
69%
FNAF 6 Rockstar Foxy
69%
FNAF 6 Rockstar Freddy
69%
FNAF Sister Location Electrobab
62%
FNAF 4 Nightmare Cupcake
62%
FNAF Security Breach DJ Music Man
46%
FNAF Security Breach Monty Gator
46%
FNAF 4 (DLC) Jack o Lantern
38%
FNAF Security Breach Moondrop
38%
FNAF Security Breach Music Man
38%
FNAF Security Breach Glamrock Endoskeleton
23%
No matching quizzes found
Score Distribution
Percent of People with Each Score
Percentile by Number Answered
Your Score History
You have not taken this quiz since the last reset